| 000 | 00351nam a2200121Ia 4500 | ||
|---|---|---|---|
| 008 | 220620s9999||||xx |||||||||||||| ||und|| | ||
| 245 | 0 | _aStochastic Control | |
| 546 | _aEnglish[eng] | ||
| 650 | _aMathematical modelling | ||
| 700 | _aMyers, Chris | ||
| 856 | _uhttps://mts.intechopen.com/storage/books/3748/authors_book/authors_book.pdf | ||
| 942 | _cEB | ||
| 999 |
_c24400 _d24400 |
||